Personaggi famosi A-Z - MEDIO - Statistics

Statistiche generali
  • Questo quiz è stato fatto 596 volte
    548 dall'ultimo reset
  • Il punteggio medio è 14 su 23
Statistiche sulle risposte
DOMANDA RISPOSTA % Corretto
Personaggio comico Con un costume rosso su Paperissima Sprint Gabibbo
93%
Membro del duo comico con Picone Ficarra
92%
Prima persona a camminare sulla Luna Armstrong
90%
Protagonista nel film "La vita è Bella"(Interpretava Guido Orefice) Guido Benigni
87%
Ha Instaurato una guerra nel 2022 Putin
84%
Eroe dotato di ingegno nella Odissea Ulisse
80%
Narcotrafficante Messicano Escobar
76%
Scrisse "I Malavoglia" Verga
76%
Cantante del gruppo musicale dei Beatles Lennon
69%
Giocatore Norvegese del Manchester City Haaland
65%
Protagonista di "Mission Impossible" Tom Cruise
63%
E' uno dei fondatori di Facebook e presidente di "Meta, Inc." Zuckerberg
58%
Ha scritto "Oliver Twist" Dickens
56%
Attaccante (calciatore) della Sampdoria Italiano Quagliarella
56%
Pittore che realizzò "Narciso" e "Scudo con testa di Medusa" Caravaggio
54%
Calciatore brasiliano che nel 2003 è passato dal Psg al Barcellona Ronaldinho
52%
Persona dell'immagine Maradona
46%
Cestista ritirato (soprannominato Shaq) dei Lakers O'neal
41%
Pronunciò la frase "Ich bin ein Berliner" nel 1963 Kennedy
33%
Terzo presidente USA Thomas Jefferson
33%
Filosofo, drammaturgo e politico romano (l sec. d.C) che ha scritto "La Fenice" Seneca
30%
Pilota motociclistico (squalificato per quattro anni)ha guidato per la ducati, suzuki e aprilia. Iannone
27%
Ex senatore cileno conosciuto per aver aderito al comunismo, e preso il suo nome da un poeta ceco (della Rep. ceca) Neruda
16%
Nessun quiz corrispondente trovato
Distribuzione punteggi
Percentuale di utenti per punteggio
Percentile per numero di risposta
I tuoi punteggi nel tempo
Non hai fatto questo quiz dall'ultimo reset